Statistiques concernant Français célèbres

Cliquez ici pour prendre le quiz!

Statistiques générales

  • Ce quiz a été pris 346 fois
  • Le résultat moyen est 8 sur 15

Statistiques - réponses

HintCélèbre% Correct
Le Roi soleilLouis XIV
97%
L'auteur de "Les Miserables "Victor Hugo
84%
Créatrice de mode qui a inventé "la petite robe noire"Coco Chanel
79%
Actrise et chanteuse connu pour "Joe le Taxi "Vanessa Paradis
77%
Le sculpteur connu pour "le penseur "Auguste Rodin
68%
Duo de pop électronique gagnant de GrammyDaft Punk
57%
Producteur français-polonais connections pour " Pianiste" et "Rosemary's baby"Roman Polanski
54%
Artist célèbre pour la peinture de la vie, de la nature et des femmes de TahitiPaul Gauguin
53%
Philosophe de Lumiéres, écrivain et essayiste connu pour l'espirit, la satire et la defence des libertés civilesVoltaire
51%
L'un des plus grands pilotes de Formule 1 de tous les tempsAlain Prost
46%
Intellectuel du 20éme siécle qui a reçu le prix Nobel littérature en 1967 (qu'il incline)Jean-Paul Sartre
33%
Actrice qui a remporté un Oscar pour "Le Patient anglais"Juliette Binoche
33%
Poete connu pour une énorme influence sur la littérature moderne et être dépeient dans un film de Leonardo DiCaprioArthur Rimbaud
27%
Mathématicien, philosophe, et inventeur qui a un triangle nommé d'après luiBlaise Pascal
24%
Écrivain célèbre pour une relation avec Henry Miller et pour ses journaux et romans connus pour l'érotismeAnaïs Nin
8%

Distribution des résultats

Percentile par nombre de réponses

% des personnes avec chaque résultat

Votre développement - résultats

Vous n’avez pas pris ce quiz